Využitie majetku podniku ako parameter jeho výkonnosti
Využitie majetku v podniku. Ukazovateľ účinnosti majetku. Ukazovateľ náročnosti. Rentabilita majetku. Stav a vývoj vybraných ukazovateľov využitia majetku v podmienkach podnikov na Slovensku. Hodnotenie ukazovateľov podnikovej nerovnováhy. Vývoj účinnosti majetku a produktivity práce. Vývoj rentabil...
Gespeichert in:
| 1. Verfasser: | |
|---|---|
| Weitere Verfasser: | |
| Format: | Buchkapitel |
| Sprache: | Slowakisch |
| Schlagworte: | |
| Tags: |
Keine Tags, Fügen Sie das erste Tag hinzu!
|
MARC
| LEADER | 00000nla a2200000 4500 | ||
|---|---|---|---|
| 001 | 0186608 | ||
| 005 | 20240522121055.0 | ||
| 041 | 0 | |a slo | |
| 044 | |a SK | ||
| 245 | 1 | 0 | |a Využitie majetku podniku ako parameter jeho výkonnosti |c Helena Majdúchová, Bernadeta Kľučiková |
| 520 | |a Využitie majetku v podniku. Ukazovateľ účinnosti majetku. Ukazovateľ náročnosti. Rentabilita majetku. Stav a vývoj vybraných ukazovateľov využitia majetku v podmienkach podnikov na Slovensku. Hodnotenie ukazovateľov podnikovej nerovnováhy. Vývoj účinnosti majetku a produktivity práce. Vývoj rentability dlhodobého majetku. | ||
| 610 | 2 | 0 | |a majetok podnikový |
| 610 | 2 | 0 | |a rentabilita |
| 610 | 2 | 0 | |a tržby |
| 610 | 2 | 0 | |a výkonnosť podniku |
| 610 | 2 | 0 | |a produktivita práce |
| 610 | 2 | 0 | |a efektívnosť |
| 100 | 1 | |a Majdúchová, Helena, 1963- | |
| 700 | 1 | |a Kľučiková, Bernadeta | |